1856 1336 1688 1459 1025 1055 1034 1157 1758 1156 1729 1271 1554 1442 1121 1735 1879 1279 1906 1051 1449 1792 1746 1512 1435 1700 1126 2000 1940 1216 1446 1038 1020 1892 1055 1858 1050 1988 1600 1299 1167 1198 1970 1975 1640 1972 1141 1411 1327 1088 1246 1888 1596 1093 1375 1231 1392 1836 1627 1271 1001 1352 1252 1304 1066 1963 1338 1610 1726 1130 1096 1643 1791 1850 1289 1685 1364 1433 1801 1196 1128 1179 1009 1401 1493 1836 1894 1078 1958 1102 1049 1538 1824 1030 1708 1490 1387 1303 1459 BCNSPRNW ULIB Ver.6.0+V

เปลี่ยนเป็นภาษาไทย

Change to English
 แสดงรายละเอียดบรรณานุกรม
  กลับหน้าหลัก

Brief Record : Get Marc (ISO 2709) : E-mail record : QR code < ปิดหน้าต่าง
LEADER : 00000nam 2200000uu 4500
001    13399112987
003     ULIB
008    110921s2553||||th 000 0 tha d
020    9786165000642
090    นว.^bณ429ย 2553
100 0  ณารา
245 00 ยุทธการล่าจารกรรมรัก/^cณารา
250    พิมพ์ครั้งที่ 2
260    กรุงเทพฯ :^bพิมพ์คำ,^c2553
300    340 หน้า
945    ^p240^l0^i18592
995    กัณชพร
999     ^aใช้งานได้ทุกระบบ
รายการนี้ยังไม่มีแท็ก
คุณยังไม่ได้ล็อกอิน คุณสามารถมีกิจกรรมร่วมกับเว็บไซต์ได้ แต่ต้องล็อกอินก่อน ::
  ล็อกอิน

รายการสื่อสารสนเทศ

ลำดับที่ ประเภท เลขเรียก/บาร์โค้ด สถานที่ สถานะ
1. นวนิยาย
นวนิยาย
นว. ณ429ย 2553  
  Barcode: 18592
ห้องสมุดวิทยาเขตสวรรค์ประชารักษ์
►นวนิยาย
บนชั้น
  ขอยืม

รายการใกล้เคียง
    ผู้แต่ง [ณารา]

BibComment


ยังไม่เคยถูกคอมเมนท์

คอมเมนท์ทรัพยากรรายการนี้
  คอมเมนท์: ยุทธการล่าจารกรรม..


 Copyright 2026. Bcnsprnw @Library